Protimonopolný úrad zakročil proti kartelu cementárov
V septembri 1994 Protimonopolný úrad zakázal 7 slovenským výrobcom cementu plnenie kartelovej dohody, uložil finančné pokuty 19,96 mil Sk. Kartelové dohody už v r.1991 (rozdelenie slovenského trhu s cementom), písomné dôkazy a dôkazy z trhu. Skúsenosti SRN s riešením podobnej situácie na trhu s ceme...
Gespeichert in:
| 1. Verfasser: | |
|---|---|
| Format: | Buchkapitel |
| Sprache: | Slowakisch |
| Schlagworte: | |
| Tags: |
Keine Tags, Fügen Sie das erste Tag hinzu!
|
MARC
| LEADER | 00000naa a2200000 4500 | ||
|---|---|---|---|
| 001 | r016238 | ||
| 005 | 20221205091303.5 | ||
| 041 | 0 | |a slo | |
| 044 | |a SK | ||
| 245 | 1 | 0 | |a Protimonopolný úrad zakročil proti kartelu cementárov |c P. Nižňanský |
| 520 | |a V septembri 1994 Protimonopolný úrad zakázal 7 slovenským výrobcom cementu plnenie kartelovej dohody, uložil finančné pokuty 19,96 mil Sk. Kartelové dohody už v r.1991 (rozdelenie slovenského trhu s cementom), písomné dôkazy a dôkazy z trhu. Skúsenosti SRN s riešením podobnej situácie na trhu s cementom. | ||
| 610 | 2 | 0 | |a politika protimonopolná |
| 610 | 2 | 0 | |a Protimonopolný úrad SR Bratislava |
| 610 | 2 | 0 | |a cementárne |
| 610 | 2 | 0 | |a Slovensko |
| 610 | 2 | 0 | |a súťaž hospodárska |
| 610 | 2 | 0 | |a 1991-1994 |
| 610 | 2 | 0 | |a pokuty |
| 100 | 1 | |a Nižňanský, P. | |